| 000 | 00369nam a2200121 4500 | ||
|---|---|---|---|
| 999 |
_c9602 _d9602 |
||
| 008 | 180711b ||||| |||| 00| 0 eng d | ||
| 100 |
_928525 _aSantos, Jose Bimbo |
||
| 245 |
_aFarmers turn BPO managers in rural Mindanao town/ _cJose Bimbo Santos |
||
| 260 |
_aDavao City _bSun Star Davao _cc2016 |
||
| 300 | _apage B2. | ||
| 650 | 0 |
_928526 _aProfessions. |
|
| 942 |
_2ddc _cPER |
||